| 000 | 00397nam a2200121Ia 4500 | ||
|---|---|---|---|
| 008 | 250110s9999 xx 000 0 und d | ||
| 041 | _aeng | ||
| 100 |
_aWasunkar Priyanka _9182605 |
||
| 245 | _aAuro Vrtta : A School For Creative Exploration And Teaching In Architecture And Desing | ||
| 260 |
_bFinal Year B. Arch, BNCA _c2014 |
||
| 300 | _a110p | ||
| 700 |
_aGuide Name:Nivasarkar Sandhya _9210280 |
||
| 999 |
_c363472 _d363472 |
||